00442nam a2200169 a 450000100060000000300090000600800410001502000150005604000280007108200160009910000260011524500270014126000330016830000080020165000300020965000330023921415CO-ViMGA141112s2004 ck r 000 u spa d a9584211250 aCO-ViMGAbspacCO-ViMGA aCo863 S458p1 aSilva Romero, Ricardo10aParece que va a llover aBogotá : bPlaneta, c2005 a32314aNOVELA AMOROSA COLOMBIANA14aNOVELA COLOMBIANA - SIGLO XX